[Event "Let's Play Chess!"]
[Site "http://www.queenalice.com/game.php?id=1783821"]
[Date "2022.3.2"]
[Round "-"]
[White "zoe001"]
[Black "josebaron"]
[Result "0-1"]
[WhiteElo "1844"]
[BlackElo "2645"]

1. d4 d5 2. Nf3 Nf6 3. e3 Bg4 4. Nbd2 Ne4 5. c4 Nxd2 6. Bxd2 Nc6 7. Be2 Bxf3 8.
Bxf3 dxc4 9. Bxc6+ bxc6 10. Qa4 Qd5 11. O-O Qb5 12. Qc2 e6 13. Rac1 Bd6 14. Qxc4
O-O 15. Qxc6 Qxb2 16. Rc2 Qb6 17. Qc3 Qa6 18. e4 Bxh2+ 19. Kxh2 Qxf1 20. Qg3 Qd1
21. Rb2 Rab8 22. Rxb8 Qh5+ 23. Kg1 Rxb8 24. f3 h6 25. d5 Rb1+ 26. Kf2 e5 27. Ke2
Ra1 28. Qf2 Rxa2 29. Qc5 Qg5 30. Qc1 Qxg2+ 31. Ke3 h5 32. d6 Qxd2+ 33. Qxd2 Rxd2
34. Kxd2 cxd6 35. Ke2 a5 36. Kd2 h4 0-1

[Event "AUTO-OPEN-4353"]
[Site "http://www.queenalice.com/game.php?id=1783911"]
[Date "2022.3.3"]
[Round "1"]
[White "zoe001"]
[Black "SGF"]
[Result "1-0"]
[WhiteElo "1500"]
[BlackElo "1787"]

1. d4 e6 2. Nf3 Qf6 3. e3 d5 4. Bd3 c6 5. Nbd2 Bb4 6. c3 Ba5 7. O-O Nh6 8. b4
Bb6 9. Ba3 a5 10. b5 cxb5 11. Bxb5+ Bd7 12. Rb1 Bxb5 13. Rxb5 Ra6 14. Qb3 Nd7
15. c4 a4 16. Qc3 Nb8 17. Rfb1 Nd7 18. c5 Nxc5 19. Rxb6 Rxb6 20. Rxb6 Ne4 21.
Qc8+ Qd8 22. Qxb7 Nxd2 23. Qc6+ Qd7 24. Rb8# 1-0

[Event "AUTO-OPEN-4353"]
[Site "http://www.queenalice.com/game.php?id=1783912"]
[Date "2022.3.3"]
[Round "1"]
[White "SGF"]
[Black "zoe001"]
[Result "1-0"]
[WhiteElo "1740"]
[BlackElo "1909"]

1. e4 e6 2. Qf3 d5 3. d3 c6 4. Be2 Qf6 5. exd5 cxd5 6. h4 Nc6 7. c3 Ne5 8. Qxf6
Nxf6 9. f4 Neg4 10. Bxg4 Nxg4 11. Nf3 Bc5 12. d4 Bb6 13. O-O Bd7 14. Nbd2 Ne3
15. Rf2 O-O 16. Nb3 Rab8 17. Bxe3 Ba4 18. Ne5 f6 19. Nd3 Bxb3 20. axb3 Rbe8 21.
b4 e5 22. fxe5 fxe5 23. Nxe5 Rxf2 24. Bxf2 a6 25. Nd7 Ba7 26. b5 Re7 27. Nc5 b6
28. Nxa6 Rd7 29. Bg3 Re7 30. Nb4 1-0

[Event "AUTO-OPEN-4353"]
[Site "http://www.queenalice.com/game.php?id=1783913"]
[Date "2022.3.3"]
[Round "1"]
[White "zoe001"]
[Black "CCapivara"]
[Result "0-1"]
[WhiteElo "1844"]
[BlackElo "2254"]

1. d4 d5 2. Nf3 Bg4 3. Nbd2 Nd7 4. e3 e5 5. Be2 e4 6. Ng1 Bxe2 7. Nxe2 f5 8. Nf4
Ndf6 9. c3 Bd6 10. O-O Bxf4 11. exf4 Ne7 12. Qb3 Qc8 13. Qb4 Nc6 14. Qa3 Qd7 15.
Nb3 Qe7 16. Nc5 b6 17. Na6 Qxa3 18. bxa3 O-O-O 19. a4 Kb7 20. Nb4 Na5 21. Rb1
Nc4 22. Nc2 a5 23. Na3 Nxa3 24. Bxa3 Rd7 25. Rb2 Re8 26. Re1 h6 27. h3 g5 28.
fxg5 hxg5 29. Rbe2 Rh7 30. Bc1 f4 31. Kh2 Reh8 32. Rh1 f3 33. gxf3 Rxh3+ 0-1

[Event "AUTO-OPEN-4353"]
[Site "http://www.queenalice.com/game.php?id=1783914"]
[Date "2022.3.3"]
[Round "1"]
[White "CCapivara"]
[Black "zoe001"]
[Result "1-0"]
[WhiteElo "2255"]
[BlackElo "1844"]

1. e4 e6 2. d4 d5 3. exd5 exd5 4. Nf3 Nf6 5. Bd3 Bg4 6. O-O Be7 7. Bg5 Nbd7 8.
Nbd2 O-O 9. c3 c6 10. Qa4 Qb6 11. Rab1 h6 12. Bh4 Rfe8 13. Ne5 Be6 14. f4 Nxe5
15. fxe5 Ng4 16. Bxe7 Rxe7 17. Kh1 Rf8 18. Rf3 h5 19. h3 Nh6 20. b4 a6 21. Rbf1
Qd8 22. Bb1 Rd7 23. Qc2 g6 24. Rf6 Bf5 25. Qc1 Bxb1 26. Qxb1 Re7 27. Nf3 Qd7 28.
Ng5 Kh8 29. e6 Qe8 30. exf7 Nxf7 31. Qxg6 Nxg5 32. Rxf8+ 1-0

[Event "AUTO-OPEN-4353"]
[Site "http://www.queenalice.com/game.php?id=1783915"]
[Date "2022.3.3"]
[Round "1"]
[White "zoe001"]
[Black "MMA34"]
[Result "1-0"]
[WhiteElo "1864"]
[BlackElo "1887"]

1. d4 Nf6 2. Nf3 e6 3. e3 a6 4. Bd3 Be7 5. Nbd2 O-O 6. e4 Nc6 7. c3 d6 8. O-O h6
9. Re1 Nh7 10. Qc2 Ng5 11. b4 b6 12. b5 axb5 13. Bxb5 Bd7 14. Nxg5 Bxg5 15. Nf3
Be7 16. e5 d5 17. a4 Na7 18. Bxd7 Qxd7 19. Ba3 Bxa3 20. Rxa3 Qc6 21. Re3 Nc8 22.
Qa2 Ne7 23. a5 bxa5 24. Rxa5 Rxa5 25. Qxa5 Ra8 26. Qb4 Nf5 27. Re1 Qd7 28. h3
Ne7 29. Nd2 Nc8 30. Nb3 Nb6 31. Nc5 Qe7 32. Qb5 Nc4 33. Na6 Nb6 34. Re3 Rc8 35.
Rg3 Nc4 36. Nb4 Qe8 37. Qa6 Nd2 38. Qd3 Ne4 39. Rg4 f5 40. Rh4 Qe7 41. Rf4 Ng5
42. Qg3 Qf7 43. Nc6 Qd7 44. Nb4 Ra8 45. Rh4 Kh7 46. Qxg5 Ra1+ 47. Kh2 Qb5 48.
Qe3 Qc4 49. Rf4 g5 50. Rf3 Qf1 51. Qd3 Kg7 52. Qxf1 Rxf1 53. Na6 g4 54. hxg4
fxg4 55. Rg3 h5 56. Nxc7 Kf7 57. f3 Rc1 58. fxg4 hxg4 59. Rxg4 Rxc3 60. Rf4+ Ke7
61. Nb5 Rd3 62. g3 Rb3 63. Nd6 Rb2+ 64. Kh3 Rd2 65. Kh4 Rh2+ 66. Kg5 Rg2 67. g4
Rd2 68. Kg6 Rg2 69. g5 1-0

[Event "AUTO-OPEN-4353"]
[Site "http://www.queenalice.com/game.php?id=1783916"]
[Date "2022.3.3"]
[Round "1"]
[White "MMA34"]
[Black "zoe001"]
[Result "0-1"]
[WhiteElo "1834"]
[BlackElo "1844"]

1. d4 e6 2. e4 d5 3. e5 c5 4. c3 Qb6 5. dxc5 Bxc5 6. Qf3 Bd7 7. b4 Be7 8. Be3
Qc7 9. Bd3 Nc6 10. Qg3 Bf8 11. f4 Nge7 12. Bc5 b6 13. Bd6 Qd8 14. Nf3 Nf5 15.
Bxf8 Nxg3 16. hxg3 Rxf8 17. Nbd2 Rc8 18. Rc1 f6 19. c4 Nxb4 20. Bb1 h6 0-1

[Event "Challenge"]
[Site "http://www.queenalice.com/game.php?id=1784349"]
[Date "2022.3.9"]
[Round "-"]
[White "zoe001"]
[Black "lat47"]
[Result "1-0"]
[WhiteElo "1846"]
[BlackElo "1731"]

1. d4 d5 2. Nf3 Nc6 3. e3 Bf5 4. c3 Nf6 5. Nbd2 Bg4 6. Bd3 e6 7. Qb3 Rb8 8. Bb5
a6 9. Bxc6+ bxc6 10. Qa4 Rb6 11. Ne5 Nd7 12. Nxg4 Bd6 13. Nf3 h5 14. Nge5 Bxe5
15. dxe5 Nc5 16. Qd4 Nd7 17. O-O g6 18. e4 dxe4 19. Qxe4 Rg8 20. Bg5 Qc8 21. b3
Nc5 22. Qf4 Nd7 23. Rfd1 Rf8 24. Bh6 Rh8 25. Bg7 Rh7 26. Bh6 Qd8 27. Ng5 Qe7 28.
Nxh7 1-0

[Event "Challenge"]
[Site "http://www.queenalice.com/game.php?id=1784350"]
[Date "2022.3.9"]
[Round "-"]
[White "lat47"]
[Black "zoe001"]
[Result "1/2-1/2"]
[WhiteElo "1742"]
[BlackElo "1932"]

1. e4 e6 2. Nf3 d5 3. Bd3 c5 4. e5 Qb6 5. c4 Bd7 6. Qc2 dxc4 7. Bxc4 Bb5 8. O-O
Bxc4 9. Qxc4 Nc6 10. Nc3 Nh6 11. d3 Nf5 12. Ne4 Qc7 13. Bf4 Rd8 14. Rad1 b6 15.
Qb5 Be7 16. Rd2 O-O 17. Qb3 Rd7 18. Qd1 Rd5 19. Qc1 Rfd8 20. Rfd1 Nfd4 21. Nxd4
Rxd4 22. Be3 Ra4 23. b3 Rb4 24. Qc3 Rd7 25. f4 Rb5 26. d4 cxd4 27. Bxd4 Nxd4 28.
Qxc7 Rxc7 29. Rxd4 f5 30. Nf2 Rbc5 31. g3 Rc2 32. R4d2 R2c3 33. Kg2 R3c5 34. Rd7
Bf8 35. Rd8 Rc2 36. R1d2 h6 37. Rxc2 Rxc2 38. a4 Rc6 39. Nd1 Rc1 40. Rd2 Rb1 41.
Rd3 Bc5 42. Kf3 Rc1 43. g4 fxg4+ 44. Kxg4 Rc2 45. h3 Re2 46. Kf3 Rh2 47. Kg3 Rh1
48. Kg2 Rg1+ 49. Kf3 Kf7 50. Nb2 Rf1+ 51. Kg3 Kg6 52. Rf3 Rxf3+ 53. Kxf3 Kf5 54.
h4 Ba3 55. Nc4 Bb4 56. Ne3+ Kg6 57. Ke4 Be1 58. f5+ Kf7 59. fxe6+ Kxe6 60. h5
Bc3 61. Nc4 Bb4 62. Kf4 Be7 63. Ke4 Bc5 64. Nb2 Bf2 65. Nd3 Bg3 66. Nf4+ Ke7 67.
Kf5 Bh2 68. Ng6+ Ke8 69. e6 Bd6 70. Ke4 Bc5 71. Kd5 a5 72. Kc6 Bd4 73. Kd5 Bc5
74. Ne5 Ke7 75. Nd3 Be3 76. Ne5 Bc5 77. Nd7 Bf2 78. Ne5 Bc5 79. Nd3 Bg1 80. b4
axb4 81. Nxb4 Bc5 82. Nc6+ Ke8 83. Nb8 Ke7 84. Na6 Bf2 85. Ke5 Bg1 86. Kf5 Bf2
87. Nb8 Bc5 88. Nc6+ Ke8 89. Kg6 Bf8 90. e7 Bxe7 91. Kxg7 Bg5 92. Ne5 Bf4 93.
Nc4 Bc7 94. Kxh6 Kf7 95. Kg5 Bd8+ 96. Kg4 Kg7 97. Kf5 Kh6 98. Ke6 Kxh5 99. Kd7
Bh4 100. Kc6 Be1 101. Nxb6 Kg6 102. Nd5 Kf7 103. Kb5 Ke8 104. Nb4 Kd8 105. Nd5
Kc8 106. Kc6 Kb8 107. Kb6 Bf2+ 108. Kc6 Ka7 109. Kb5 Be1 110. Nb4 Bd2 111. a5
Bxb4 112. Kxb4 Ka6 113. Ka4 Kb7 114. Kb5 Ka7 115. a6 Ka8 116. Kb6 Kb8 117. a7+
Ka8 118. Ka6 1/2-1/2

[Event "Challenge"]
[Site "http://www.queenalice.com/game.php?id=1784622"]
[Date "2022.3.12"]
[Round "-"]
[White "zoe001"]
[Black "ALDROB"]
[Result "1-0"]
[WhiteElo "1858"]
[BlackElo "1757"]

1. d4 Nf6 2. Nf3 g6 3. Nc3 Bg7 4. e4 d6 5. Bd3 Bg4 6. h3 Bd7 7. Be3 O-O 8. Qd2
Re8 9. Bh6 Nc6 10. a3 e5 11. d5 Nd4 12. Nxd4 exd4 13. Ne2 c6 14. Bxg7 Kxg7 15.
dxc6 Bxc6 16. f3 d5 17. O-O-O dxe4 18. fxe4 Bxe4 19. Rhg1 Rc8 20. Ng3 Bxd3 21.
Qxd3 Re3 22. Nf5+ gxf5 23. Qxf5 b6 24. Qg5+ Kh8 25. Rgf1 Rc6 26. Qxe3 Qd5 27.
Rxd4 Qxg2 28. Rd8+ Kg7 29. Rg1 Rxc2+ 30. Kd1 1-0

[Event "Challenge"]
[Site "http://www.queenalice.com/game.php?id=1784623"]
[Date "2022.3.12"]
[Round "-"]
[White "ALDROB"]
[Black "zoe001"]
[Result "1-0"]
[WhiteElo "1779"]
[BlackElo "1879"]

1. d4 d5 2. c4 c6 3. Nf3 e6 4. Nc3 Qb6 5. Qc2 Bd6 6. c5 Bxc5 7. dxc5 Qxc5 8. Be3
Qe7 9. g3 Nf6 10. Bg2 O-O 11. Na4 Re8 12. Bc5 Qc7 13. O-O Bd7 14. Rad1 b6 15.
Ba3 c5 16. b3 Bxa4 17. bxa4 Nc6 18. Nh4 Rac8 19. f4 Qb7 20. Bb2 Nb4 21. Qb1 Qa6
22. Bf3 Nd7 23. Qa1 f6 24. g4 Nc2 25. Qb1 Ne3 26. f5 Nxf1 27. Rxf1 Qxa4 28. fxe6
Nf8 29. Bxd5 Qd4+ 30. Bxd4 1-0

[Event "Challenge"]
[Site "http://www.queenalice.com/game.php?id=1787621"]
[Date "2022.4.25"]
[Round "-"]
[White "zoe001"]
[Black "ALDROB"]
[Result "1-0"]
[WhiteElo "1917"]
[BlackElo "1786"]

1. d4 g6 2. e4 d6 3. Be3 Bg7 4. h3 Nf6 5. Nc3 O-O 6. Qd2 Nc6 7. Nf3 e5 8. d5 Ne7
9. Bh6 Ne8 10. Bxg7 Nxg7 11. g4 f5 12. gxf5 gxf5 13. Rg1 f4 14. h4 h5 15. O-O-O
Bg4 16. Be2 a6 17. Ng5 f3 18. Bf1 b5 19. Bh3 Rf4 20. Bxg4 hxg4 21. Rg3 Nh5 22.
Ne6 Qd7 23. Nxf4 Nxg3 24. Ne6 b4 25. Qg5+ Ng6 26. Qxg6+ Kh8 27. Nb1 Ne2+ 28. Kd2
Rg8 29. Qh6+ Qh7 30. Qf6+ 1-0

[Event "Challenge"]
[Site "http://www.queenalice.com/game.php?id=1787622"]
[Date "2022.4.25"]
[Round "-"]
[White "ALDROB"]
[Black "zoe001"]
[Result "0-1"]
[WhiteElo "1786"]
[BlackElo "1905"]

1. d4 d5 2. c4 e6 3. Nc3 c6 4. Nf3 Bb4 5. Qc2 Nf6 6. e3 O-O 7. Bd3 dxc4 8. Bxc4
Nbd7 9. O-O Bxc3 10. bxc3 b5 11. Bd3 Re8 12. a4 bxa4 13. Rxa4 Nb6 14. Ra2 Bb7
15. e4 h6 16. e5 Nfd5 17. c4 Nb4 18. Qb1 Nxa2 19. Qxa2 c5 20. Be2 cxd4 21. Rd1
a6 22. Nxd4 Qc7 23. f4 Rec8 24. Ba3 Nxc4 25. Rc1 Bd5 26. Bd6 Qb6 0-1

[Event "Retraiteactive"]
[Site "http://www.queenalice.com/game.php?id=1788370"]
[Date "2022.5.6"]
[Round "2"]
[White "zoe001"]
[Black "ajr"]
[Result "1-0"]
[WhiteElo "1889"]
[BlackElo "1873"]

1. d4 d5 2. Nf3 h6 3. e3 a6 4. c4 dxc4 5. Bxc4 Nc6 6. O-O Bg4 7. Nbd2 e6 8. Qb3
b5 9. Bd3 Bxf3 10. Nxf3 f6 11. Qxe6+ Nge7 12. Bg6# 1-0

[Event "Retraiteactive"]
[Site "http://www.queenalice.com/game.php?id=1789847"]
[Date "2022.5.30"]
[Round "3"]
[White "zoe001"]
[Black "mitsho"]
[Result "1-0"]
[WhiteElo "1924"]
[BlackElo "2206"]

1. d4 d5 2. Nf3 Nc6 3. c3 Bg4 4. Nbd2 Nf6 5. e3 e6 6. Qb3 a6 7. Ne5 Nxe5 8. dxe5
Nd7 9. Qa4 Bh5 10. Nb3 c5 11. Nd2 c4 12. e4 b5 13. Qc2 Nc5 14. b4 cxb3 15. axb3
Be7 16. Ba3 O-O 17. Bxc5 1-0

[Event "Challenge"]
[Site "http://www.queenalice.com/game.php?id=1789889"]
[Date "2022.5.31"]
[Round "-"]
[White "dosoldini"]
[Black "zoe001"]
[Result "0-1"]
[WhiteElo "1635"]
[BlackElo "1928"]

1. d4 d5 2. Nc3 e6 3. Nf3 c5 4. e4 Qb6 5. exd5 cxd4 6. Bb5+ Bd7 7. Nxd4 Bb4 8.
Qd3 Nf6 9. Qc4 Bxc3+ 10. bxc3 O-O 11. Ba3 Rc8 12. Qb4 Nxd5 13. Qd6 Qxd6 14. Bxd6
Bxb5 15. Nxb5 Nd7 16. c4 Rxc4 17. O-O a6 18. Na3 Ra4 19. c4 N5f6 20. f4 Ne4 0-1

[Event "Retraiteactive"]
[Site "http://www.queenalice.com/game.php?id=1791651"]
[Date "2022.6.28"]
[Round "4"]
[White "Jsc"]
[Black "zoe001"]
[Result "1-0"]
[WhiteElo "1919"]
[BlackElo "1951"]

1. e4 e6 2. d4 d5 3. Bd3 c5 4. c3 Qb6 5. e5 Bd7 6. Bc2 Bb5 7. a4 Bc4 8. b3 Ba6
9. Ba3 Nc6 10. Bxc5 Bxc5 11. dxc5 Qc7 12. Nf3 Nge7 13. b4 Bc4 14. Na3 Nxe5 15.
Nxc4 Nxc4 16. Nd4 Qe5+ 17. Qe2 Qxe2+ 18. Kxe2 O-O 19. Ra2 Rfe8 20. Re1 Ne5 21.
Kf1 N5c6 22. Re3 e5 23. Nb5 Red8 24. Rh3 e4 25. Nd6 Rab8 26. Nb5 Ng6 27. Bb3 Rd7
28. Rd2 a6 29. Nd6 Nf4 30. Re3 b6 31. Bxd5 Nxd5 32. Rxd5 bxc5 33. bxc5 Rb1+ 34.
Ke2 Re7 35. Nxe4 Rb2+ 36. Kd3 Re8 37. Rd6 Ne5+ 38. Kd4 Ng4 39. Rg3 Nxh2 40. Nf6+
Kf8 41. Nxe8 Kxe8 42. Re3+ 1-0

[Event "Challenge"]
[Site "http://www.queenalice.com/game.php?id=1797650"]
[Date "2022.10.8"]
[Round "-"]
[White "zoe001"]
[Black "FLeicher"]
[Result "1-0"]
[WhiteElo "1934"]
[BlackElo "1961"]

1. d4 d5 2. Nf3 e6 3. e3 Nf6 4. Bd3 Nbd7 5. Nbd2 a6 6. Qe2 c5 7. c3 c4 8. Bc2
Bd6 9. e4 dxe4 10. Nxe4 Nxe4 11. Bxe4 Nf6 12. Bc2 Qc7 13. O-O O-O 14. Bg5 Nd5
15. Bh4 h6 16. Rfe1 b5 17. Qe4 g6 18. Bg3 Bxg3 19. fxg3 Bb7 20. Qg4 Kg7 21. Ne5
Nf6 22. Qe2 Bd5 23. Rf1 Nd7 24. Ng4 Qd8 25. Qd2 Rh8 26. Rf2 Qg5 27. Qe2 Raf8 28.
Raf1 f5 29. Ne5 Qd8 30. g4 fxg4 31. Rf7+ Kg8 32. Rxd7 1-0

[Event "Challenge"]
[Site "http://www.queenalice.com/game.php?id=1841616"]
[Date "2024.8.8"]
[Round "-"]
[White "jogo"]
[Black "zoe001"]
[Result "0-1"]
[WhiteElo "1853"]
[BlackElo "1975"]

1. e4 e6 2. d4 d5 3. e5 c5 4. c3 Qb6 5. Nf3 Bd7 6. Be2 Bb5 7. O-O Bxe2 8. Qxe2
Qa6 9. Qxa6 Nxa6 10. Be3 Rc8 11. Nbd2 Ne7 12. dxc5 Nxc5 13. Rac1 Nd3 14. Rc2 Nc6
15. a3 b6 16. b4 Ncxe5 17. Nxe5 Nxe5 18. f4 Ng4 19. Bd4 Nh6 20. h3 Nf5 21. Bf2
Bd6 22. g4 Ne7 23. Bg3 O-O 24. Nf3 Rc4 25. Nd2 Rc6 26. Rf3 Rfc8 27. Nb1 Rc4 28.
Nd2 R4c6 29. Nb1 b5 30. Nd2 Bc7 31. Nb3 Bb6+ 32. Kg2 d4 0-1

[Event "Challenge"]
[Site "http://www.queenalice.com/game.php?id=1841617"]
[Date "2024.8.8"]
[Round "-"]
[White "zoe001"]
[Black "jogo"]
[Result "1-0"]
[WhiteElo "1951"]
[BlackElo "1723"]

1. d4 Nf6 2. Nf3 d5 3. e3 Bg4 4. c4 c6 5. Nbd2 Nbd7 6. Bd3 e5 7. cxd5 Nxd5 8.
O-O Bd6 9. h3 Bh5 10. Nc4 Be7 11. Ncxe5 1-0

[Event "Rock'n'Roll"]
[Site "http://www.queenalice.com/game.php?id=1841646"]
[Date "2024.8.9"]
[Round "-"]
[White "bobifixer"]
[Black "zoe001"]
[Result "1-0"]
[WhiteElo "1943"]
[BlackElo "1986"]

1. d4 d5 2. Nf3 e6 3. g3 Nf6 4. Bg5 Be7 5. Bxf6 Bxf6 6. Bg2 c5 7. c3 O-O 8. O-O
Nd7 9. e3 b5 10. Nbd2 Qb6 11. Re1 Bb7 12. Nf1 b4 13. Rc1 Rfc8 14. h4 Qa5 15.
cxb4 Qxb4 16. b3 Rc7 17. dxc5 Nxc5 18. Nd4 Rac8 19. Rc2 Ne4 20. Rxc7 Rxc7 21. a3
Qa5 22. Bxe4 dxe4 23. b4 Qb6 24. Nd2 Rd7 25. Qc2 Bxd4 26. exd4 Rxd4 27. Nxe4 h6
28. Nc5 Bd5 29. Nd7 Qb7 30. Nc5 Qc6 31. Qe2 Bc4 32. Qe3 Rd5 33. Qe4 Qb5 34. Rc1
Bd3 35. Nxd3 Qb7 36. Rc5 Qd7 37. Rxd5 exd5 38. Qd4 Qa4 39. Qxd5 Qd1+ 40. Kg2 Qd2
41. Nf4 Qc2 42. Qd8+ 1-0

[Event "Challenge"]
[Site "http://www.queenalice.com/game.php?id=1842334"]
[Date "2024.8.24"]
[Round "-"]
[White "jogo"]
[Black "zoe001"]
[Result "0-1"]
[WhiteElo "1688"]
[BlackElo "1958"]

1. e4 e6 2. d4 d5 3. e5 c5 4. c3 Qb6 5. Nf3 Bd7 6. Qb3 Qxb3 7. axb3 cxd4 8. cxd4
Nc6 9. Bd2 f6 10. exf6 Nxf6 0-1

[Event "Challenge"]
[Site "http://www.queenalice.com/game.php?id=1842335"]
[Date "2024.8.24"]
[Round "-"]
[White "zoe001"]
[Black "jogo"]
[Result "1-0"]
[WhiteElo "1963"]
[BlackElo "1871"]

1. d4 Nf6 2. Nf3 d5 3. e3 Bg4 4. c4 c6 5. Nbd2 e6 6. Bd3 dxc4 7. Nxc4 Bb4+ 8.
Bd2 Bxd2+ 9. Ncxd2 O-O 10. Qc2 Nbd7 11. O-O Nd5 12. Bxh7+ Kh8 13. Be4 Nb4 14.
Qc4 Nd5 15. Bc2 Rc8 16. h3 N7b6 17. Qe2 1-0